000 00694nam a22002297a 4500
005 20170124110006.0
010 _aB-158633
020 _c00.00
_a8176488321
035 _aB-158633
037 _bCen Lib/Ret
040 _aDPL
_bEN
082 _a363.7394
_bAGA
100 _aAgarwal, S.K.
_915371
245 _aWater polution /
_cby S.K. Agarwal
260 _aNew Delhi
_bAPH Publishing Corporation
_c2005
270 _bNew Delhi
_a5, ansari road, dariya ganj
_e110002
300 _a384p.
_c22cm(Hb)
500 _aIncludes bibliographical references and index
650 _aPolution
_916910
650 _aWater polution
_916911
942 _2ddc
_cEN
_h363.7394
_mAGA
999 _c126200
_d126200